000 00673nam a2200241Ia 4500
003 OSt
005 20220930193239.0
006 a|||||r|||| 00| 0
007 ta
008 220926b |||||||| |||| 00| 0 eng d
024 _a11250
037 _cDissertations
040 _aCRL
_cCRL
_beng
041 _2eng
_aeng
100 _aMishra Sunanda
_9562096
110 _aUniversity of Delhi. Faculty of Arts. Department of Sanskrit
245 0 _aStudy on Niladrinatha Satakam
260 _c1988
650 _aSANSKRIT
700 _aUniversity of Delhi. Faculty of Arts. Department of Sanskrit
942 _cDIS
_2CC
999 _c896236
_d896236